Philosophy of mind : A Contemporary Introduction (Record no. 22740)

MARC details
000 -LEADER
fixed length control field 00416cam a2200169 a 4500
020 ## - INTERNATIONAL STANDARD BOOK NUMBER
ISBN 9780415891745 (hardback)
082 00 - DEWEY DECIMAL CLASSIFICATION NUMBER
Classification number 100
Author Cutter HEI
100 ## - MAIN ENTRY--AUTHOR NAME
Author name Heil John
245 00 - TITLE STATEMENT
Title Philosophy of mind : A Contemporary Introduction
250 ## - EDITION STATEMENT
Edition statement 3rd ed.
260 ## - PUBLICATION, DISTRIBUTION, ETC. (IMPRINT)
Place of publication New York :
Name of publisher Routledge,
Year of publication 2013.
300 ## - PHYSICAL DESCRIPTION
Number of Pages xxii, 281 p. ;
650 #0 - SUBJECT ADDED ENTRY--TOPICAL TERM
Topical Term Philosophy of mind.
942 ## - ADDED ENTRY ELEMENTS (KOHA)
Koha item type Books
700 1# -
-- Heil, John.
Holdings
Home library Current library Shelving location Date acquired Full call number Accession Number Koha item type
Henry Martyn Institute Library Henry Martyn Institute Library General stacks 10/09/2019 100 HEI 25617 Books
                   Copyright © 2026 | Henry Martyn Institute | Hyderabad | TS-500052 | INDIA | Implemented by hmi.edu.in
Hit-Count:

Powered by Koha